Vista normal
Vista MARC
Entrada Topical Term
Número de registros utilizados en: 1
001 - CONTROL NUMBER
- control field: 11620
003 - CONTROL NUMBER IDENTIFIER
- control field: OSt
005 - DATE AND TIME OF LATEST TRANSACTION
- control field: 20201016105351.0
008 - FIXED-LENGTH DATA ELEMENTS
- fixed length control field: 201016|| aca||aabn | a|a d
040 ## - CATALOGING SOURCE
- Original cataloging agency: OSt
- Transcribing agency: OSt
150 ## - HEADING--TOPICAL TERM
- Topical term or geographic name entry element: Literatura infantil
670 ## - SOURCE DATA FOUND
- Source citation: Work cat.: (OSt)0: Heredia, María Fernanda autor 11617, Amigo se escribe con H / , 2003.